Principles of Digital Electronics Sem - II F. Y. B. Sc. ( Computer Science ) (Record no. 365510)
[ view plain ]
| 000 -LEADER | |
|---|---|
| fixed length control field | 00391nam a22001457a 4500 |
| 005 - DATE AND TIME OF LATEST TRANSACTION | |
| control field | 20250312125727.0 |
| 008 - FIXED-LENGTH DATA ELEMENTS--GENERAL INFORMATION | |
| fixed length control field | 250312b |||||||| |||| 00| 0 eng d |
| 041 ## - LANGUAGE CODE | |
| Language code of text/sound track or separate title | Eng. |
| 100 ## - MAIN ENTRY--PERSONAL NAME | |
| Author | Bangali, J. A |
| 245 ## - TITLE STATEMENT | |
| Title | Principles of Digital Electronics Sem - II F. Y. B. Sc. ( Computer Science ) |
| 250 ## - EDITION STATEMENT | |
| Edition statement | 1st ed. |
| 260 ## - PUBLICATION, DISTRIBUTION, ETC. | |
| Place of publication, distribution, etc. | Pune |
| Name of publisher, distributor, etc. | Nirali |
| 300 ## - PHYSICAL DESCRIPTION | |
| Extent | 6.35 |
| 942 ## - ADDED ENTRY ELEMENTS (KOHA) | |
| Koha item type | Books |
| Withdrawn status | Lost status | Source of classification or shelving scheme | Damaged status | Not for loan | Home library | Current library | Date acquired | Vendor | Cost, normal purchase price | Bill number | Total Checkouts | Barcode | Date last seen | Date last checked out | Bill Date | Koha item type | Original Barcode |
|---|---|---|---|---|---|---|---|---|---|---|---|---|---|---|---|---|---|
| Dewey Decimal Classification | Shri Siddhivinayak Mahila Mahavidyalaya | Shri Siddhivinayak Mahila Mahavidyalaya | 12/03/2025 | Nirali | 190.00 | P 69147 | 11 | SSMM-BK-32345 | 16/03/2026 | 09/03/2026 | Books | 10032345 |